Suomen pienimmät kunnat väkiluvun mukaan - Statistics

Yleistilastot
  • Tätä visaa on pelattu 29 kertaa
  • Keskiarvotulos 14 / 30
Vastaustilastot
% Oikein
965 Eckerö
73%
210 Kökar
73%
370 Lumparland
73%
100 Sottunga
68%
430 Brändö
64%
270 Kumlinge
64%
1015 Sund
64%
510 Geta
59%
465 Vårdö
59%
515 Föglö
55%
690 Luhanka
55%
1130 Kyyjärvi
50%
655 Lestijärvi
50%
1035 Merijärvi
50%
1390 Tervo
45%
1000 Kivijärvi
41%
980 Savukoski
41%
1110 Utsjoki
41%
910 Hailuoto
36%
1140 Kannonkoski
36%
1250 Kaskinen
36%
980 Halsua
32%
970 Kustavi
32%
930 Pelkosenniemi
32%
1230 Siikainen
32%
1390 Multia
27%
1270 Oripää
27%
1135 Karijoki
23%
1160 Ristijärvi
18%
1270 Enonkoski
14%
Ehtoja vastaavia visoja ei löytynyt
Tulosjakauma
Jokaisen tuloksen saaneiden osuus
Persentiili vastausten määrän mukaan
Tuloshistoriasi
Et ole pelannut tätä visaa